[Event "30th 4NCL Congress"]
[Site "Daventry"]
[Date "2023.06.18"]
[Round "5"]
[Board "10"]
[White "Chan, Sheng Liang Bernard"]
[Black "Verma, Shlok"]
[Result "1/2-1/2"]
[WhiteElo "2197"]
[BlackElo "2101"]
[PlyCount "78"]
[EventDate "2023.06.16"]
[EventRounds "5"]
[EventCountry "ENG"]

1. d4 d5 2. Nc3 Nf6 3. Bf4 e6 4. Nb5 Na6 5. e3 Be7 6. a4 O-O 7. Nf3 c6 8. Na3 Nb8
9. c3 Bd6 10. Bd3 Qe7 11. O-O b6 12. Ne5 Bb7 13. Qf3 Nbd7 14. Qh3 g6 15. Qh4 Nxe5
16. dxe5 Ne4 17. Qh6 Bxa3 18. Rxa3 f5 19. Bxe4 fxe4 20. Bg5 Qg7 21. Qxg7+ Kxg7 22.
Bf6+ Kg8 23. a5 c5 24. Rfa1 c4 25. axb6 axb6 26. Ra7 Rxa7 27. Rxa7 Ra8 28. Rxa8+
Bxa8 29. g4 Kf7 30. Kg2 Ke8 31. Kg3 Bc6 32. Kf4 Ba4 33. Kg5 Kf7 34. h4 Bd1 35. Kf4
h5 36. gxh5 gxh5 37. Kg3 Bf3 38. Kf4 Bd1 39. Kg3 Bf3  1/2-1/2

[Event "30th 4NCL Congress"]
[Site "Daventry"]
[Date "2023.06.18"]
[Round "5"]
[Board "11"]
[White "Gopakumar, Siddharth"]
[Black "Zakarian, Dimitrios Levon"]
[Result "0-1"]
[WhiteElo "1997"]
[BlackElo "2127"]
[PlyCount "96"]
[EventDate "2023.06.16"]
[EventRounds "5"]
[EventCountry "ENG"]

1. e4 c5 2. Nf3 e6 3. d4 cxd4 4. Nxd4 a6 5. c4 Nf6 6. Nc3 Qc7 7. a3 b6 8. Be3 Bb7
9. f3 d6 10. Be2 Nbd7 11. b4 Be7 12. O-O O-O 13. Qd2 Rfe8 14. Rfd1 Rac8 15. Rac1
Qb8 16. Kh1 Bd8 17. g4 Ne5 18. g5 Nfd7 19. Na4 d5 20. c5 b5 21. Nc3 dxe4 22. Nxe4
Be7 23. Bf4 Qa8 24. Qe3 Ng4 25. fxg4 Bxe4+ 26. Bf3 Bd5 27. Bxd5 exd5 28. Qf3 Nf8
29. Re1 Ng6 30. Nf5 a5 31. h4 Bf8 32. h5 Nxf4 33. Qxf4 axb4 34. axb4 Re4 35. Rxe4
dxe4 36. Re1 Re8 37. Kg1 Qd5 38. Qf1 Qd2 39. Nd6 Bxd6 40. cxd6 Qxd6 41. Qxb5 Qg3+
42. Kf1 Qf3+ 43. Kg1 Qxg4+ 44. Kf1 Rf8 45. Qd5 Qf3+ 46. Kg1 Qg3+ 47. Kf1 e3 48. b5
Qf2#  0-1

[Event "30th 4NCL Congress"]
[Site "Daventry"]
[Date "2023.06.18"]
[Round "5"]
[Board "12"]
[White "Khoury, Theo"]
[Black "Bartram, Dominic"]
[Result "1-0"]
[WhiteElo "2270"]
[BlackElo "2072"]
[PlyCount "67"]
[EventDate "2023.06.16"]
[EventRounds "5"]
[EventCountry "ENG"]

1. e4 c5 2. Nf3 e6 3. d4 cxd4 4. Nxd4 Nf6 5. Nc3 Nc6 6. Ndb5 Bb4 7. a3 Bxc3+ 8. Nxc3
O-O 9. Be2 h6 10. O-O Qc7 11. Be3 b6 12. f4 Bb7 13. e5 Ne8 14. Nb5 Qd8 15. Bf3 d5
16. exd6 a6 17. Nc7 Nxd6 18. Nxa8 Bxa8 19. Qd3 Qc7 20. Qxa6 b5 21. Bc5 Rb8 22. Bxc6
Bxc6 23. Bxd6 Qxd6 24. Qa7 Rc8 25. Rad1 Bd5 26. c3 Qc6 27. Qf2 Ra8 28. Rd2 Ra4 29.
h3 Qc7 30. f5 Bc4 31. Re1 e5 32. f6 g6 33. Qe3 Ra6 34. Rf2  1-0

[Event "30th 4NCL Congress"]
[Site "Daventry"]
[Date "2023.06.18"]
[Round "5"]
[Board "13"]
[White "Fowler, Hugo"]
[Black "Raju, Sooraj Menothuparambil"]
[Result "0-1"]
[WhiteElo "2056"]
[BlackElo "2209"]
[PlyCount "70"]
[EventDate "2023.06.16"]
[EventRounds "5"]
[EventCountry "ENG"]

1. e4 Nf6 2. e5 Nd5 3. d4 d6 4. c4 Nb6 5. f4 dxe5 6. fxe5 Nc6 7. Be3 Bf5 8. Nc3 e6
9. Be2 Bb4 10. Nf3 O-O 11. O-O Bxc3 12. bxc3 Na5 13. c5 Nbc4 14. Bg5 Qd5 15. Qe1
b6 16. cxb6 cxb6 17. Qg3 Rac8 18. h4 Qe4 19. Rae1 Ne3 20. Nd2 Nxf1 21. Kxf1 Qc2 22.
h5 Rxc3 23. Bf3 Qd3+ 24. Kg1 Qxd4+ 25. Kh1 Rfc8 26. Bh6 g6 27. Qg5 Qd8 28. Qf4 Rc1
29. Rxc1 Rxc1+ 30. Kh2 Rc2 31. Bg5 Qf8 32. Bh6 Qd8 33. Bg5 Qxd2 34. Qg3 Qf2 35. Qf4
Rc4  0-1

[Event "30th 4NCL Congress"]
[Site "Daventry"]
[Date "2023.06.18"]
[Round "5"]
[Board "14"]
[White "Jackson, Edward"]
[Black "Ackley, Peter JE"]
[Result "1/2-1/2"]
[WhiteElo "2168"]
[BlackElo "2065"]
[PlyCount "49"]
[EventDate "2023.06.16"]
[EventRounds "5"]
[EventCountry "ENG"]

1. e4 g6 2. d4 Bg7 3. Nc3 c6 4. Nf3 d6 5. h3 Nf6 6. a4 O-O 7. Be2 Qc7 8. O-O Nbd7
9. Be3 b6 10. Qd2 a6 11. Bh6 Bb7 12. Bxg7 Kxg7 13. Rfe1 Rad8 14. Bf1 e5 15. Rad1
Rfe8 16. dxe5 dxe5 17. Qe3 a5 18. Bc4 h6 19. b3 Nc5 20. Nd2 Bc8 21. Bf1 Be6 22. Nc4
Bxc4 23. Bxc4 Rxd1 24. Rxd1 Rd8 25. Rxd8  1/2-1/2

[Event "30th 4NCL Congress"]
[Site "Daventry"]
[Date "2023.06.18"]
[Round "5"]
[Board "15"]
[White "Banerjee, Supratit"]
[Black "Cave, Iwan"]
[Result "1/2-1/2"]
[WhiteElo "2035"]
[BlackElo "2142"]
[PlyCount "81"]
[EventDate "2023.06.16"]
[EventRounds "5"]
[EventCountry "ENG"]

1. e4 c5 2. c3 Nf6 3. e5 Nd5 4. d4 cxd4 5. cxd4 d6 6. Nf3 Nc6 7. Bc4 Nb6 8. Bb5 dxe5
9. Nxe5 Bd7 10. Nxd7 Qxd7 11. Nc3 e6 12. Be3 Be7 13. O-O O-O 14. Qd2 Rfd8 15. Rfd1
Rac8 16. Rac1 a6 17. Bxc6 Rxc6 18. Qe2 Nd5 19. Qf3 Nxc3 20. Rxc3 Rdc8 21. Rxc6 Rxc6
22. g3 Rd6 23. Kg2 Bf6 24. Qe4 Rd5 25. Rc1 h6 26. Rc4 Bd8 27. Rc5 Rd6 28. Rc2 Bb6
29. Rc4 Ba7 30. Qc2 Rc6 31. Rxc6 Qd5+ 32. Kg1 bxc6 33. b3 Bxd4 34. Bxd4 Qxd4 35.
Qxc6 Qa1+ 36. Kg2 Qxa2 37. Qa8+ Kh7 38. Qe4+ Kg8 39. Qa8+ Kh7 40. Qe4+ g6 41. Qf4
 1/2-1/2

[Event "30th 4NCL Congress"]
[Site "Daventry"]
[Date "2023.06.18"]
[Round "5"]
[Board "16"]
[White "Mesesan, Mircea-Marius"]
[Black "Mason, Donald J"]
[Result "0-1"]
[WhiteElo "2026"]
[BlackElo "2142"]
[PlyCount "74"]
[EventDate "2023.06.16"]
[EventRounds "5"]
[EventCountry "ENG"]

1. e4 c5 2. Nf3 Nc6 3. g3 g6 4. Bg2 Bg7 5. O-O d6 6. d3 Rb8 7. c3 e5 8. Be3 Nf6 9.
h3 O-O 10. Qc1 Nh5 11. g4 Nf6 12. Nh2 h5 13. Bg5 Qc7 14. Bxf6 Bxf6 15. gxh5 Qe7 16.
hxg6 Bg5 17. gxf7+ Rxf7 18. Qd1 Rh7 19. Ng4 Bxg4 20. Qxg4 Kh8 21. Rd1 Rg8 22. Kf1
Bh4 23. Qe2 Qg5 24. Qg4 Qh6 25. Qe2 Rhg7 26. Qf3 Rxg2 27. Qxg2 Rxg2 28. Kxg2 Qg5+
29. Kf1 Qf4 30. Rd2 Qf3 31. a4 Na5 32. b4 Nb3 33. Raa2 Qh1+ 34. Ke2 Nc1+ 35. Ke3
Bg5+ 36. f4 exf4+ 37. Kf2 Bh4#  0-1

[Event "30th 4NCL Congress"]
[Site "Daventry"]
[Date "2023.06.18"]
[Round "5"]
[Board "17"]
[White "Larkin, Benjamin"]
[Black "Vijayakumar, Rishi"]
[Result "1-0"]
[WhiteElo "2097"]
[BlackElo "1998"]
[PlyCount "104"]
[EventDate "2023.06.16"]
[EventRounds "5"]
[EventCountry "ENG"]

1. e4 c6 2. d4 d5 3. Nc3 dxe4 4. Nxe4 Bf5 5. Ng3 Bg6 6. Nh3 Nf6 7. Nf4 e5 8. dxe5
Qa5+ 9. c3 Qxe5+ 10. Be2 Nbd7 11. O-O Bc5 12. b4 Bxb4 13. Nxg6 hxg6 14. Rb1 Ba5 15.
Ba3 Bb6 16. Qb3 Ne4 17. Bf3 Qxg3 18. hxg3 Nxg3 19. Rfe1+ Kd8 20. Qxb6+ axb6 21. Be7+
Kc7 22. fxg3 Rxa2 23. Rbd1 b5 24. Bd6+ Kb6 25. Re7 Nc5 26. Bxc5+ Kxc5 27. Rxb7 Rc8
28. Rxf7 Rc2 29. Rd3 Re8 30. Rfd7 Rc1+ 31. Bd1 Re5 32. Kf2 Rd5 33. R7xd5+ cxd5 34.
Bb3 Rb1 35. Bxd5 Rb2+ 36. Ke3 g5 37. Kf3 Kd6 38. Kg4 Ke5 39. Kxg5 Rb1 40. Kg6 Ra1
41. Kxg7 Kf5 42. Bf3 Ra7+ 43. Kf8 Ke6 44. g4 Rf7+ 45. Kg8 Rc7 46. g5 Ra7 47. g6 b4
48. cxb4 Rc7 49. g7 Rc1 50. Kh7 Kf7 51. g8=Q+ Ke7 52. Qd8+ Kf7  1-0

[Event "30th 4NCL Congress"]
[Site "Daventry"]
[Date "2023.06.18"]
[Round "5"]
[Board "18"]
[White "Kothari, Jai"]
[Black "Krzyzanowski, Patryk"]
[Result "0-1"]
[WhiteElo "1980"]
[BlackElo "2092"]
[PlyCount "34"]
[EventDate "2023.06.16"]
[EventRounds "5"]
[EventCountry "ENG"]

1. e4 c5 2. Nf3 g6 3. d4 cxd4 4. Qxd4 Nf6 5. e5 Nc6 6. Qa4 Nd5 7. Qe4 Nb6 8. Nc3
d5 9. exd6 Bf5 10. Qh4 Qxd6 11. Bf4 Qb4 12. O-O-O Na4 13. Nxa4 Qxa4 14. Ne1 Qxa2
15. Nd3 Bg7 16. c3 Bxc3 17. bxc3 Nd4  0-1

[Event "30th 4NCL Congress"]
[Site "Daventry"]
[Date "2023.06.18"]
[Round "5"]
[Board "19"]
[White "Yzeiraj, Diamant"]
[Black "Murawski, Jan"]
[Result "0-1"]
[WhiteElo "1686"]
[BlackElo "2091"]
[PlyCount "90"]
[EventDate "2023.06.16"]
[EventRounds "5"]
[EventCountry "ENG"]

1. e4 e5 2. Nf3 Nc6 3. Bc4 Bc5 4. c3 Nf6 5. d4 exd4 6. cxd4 Bb4+ 7. Bd2 Nxe4 8. Bxb4
Nxb4 9. Bxf7+ Kxf7 10. Qb3+ d5 11. Qxb4 Rf8 12. O-O Kg8 13. Nc3 Nxc3 14. Qxc3 c6
15. Rfe1 Qf6 16. Qd2 Bd7 17. Qg5 Qxg5 18. Nxg5 Rf4 19. Re7 Rd8 20. Rae1 h6 21. Nf3
Rf7 22. R7e3 Rf4 23. g3 Rff8 24. Ne5 Bf5 25. g4 Bd7 26. Rb3 Bc8 27. Ra3 a6 28. Rae3
Rf4 29. h3 Rxd4 30. Nxc6 bxc6 31. Re8+ Rxe8 32. Rxe8+ Kh7 33. Rxc8 Rc4 34. Ra8 d4
35. Kf1 d3 36. Rd8 Rc1+ 37. Kg2 Rd1 38. Kf3 c5 39. Ke3 c4 40. Rd4 Re1+ 41. Kd2 Re2+
42. Kc3 Rc2+ 43. Kb4 d2 44. a4 a5+ 45. Kc5 Rxb2  0-1

[Event "30th 4NCL Congress"]
[Site "Daventry"]
[Date "2023.06.18"]
[Round "5"]
[Board "20"]
[White "Clarke, James"]
[Black "Burton, Sean"]
[Result "1/2-1/2"]
[WhiteElo "2071"]
[BlackElo "1927"]
[PlyCount "91"]
[EventDate "2023.06.16"]
[EventRounds "5"]
[EventCountry "ENG"]

1. e4 c5 2. Nf3 d6 3. d4 cxd4 4. Nxd4 Nf6 5. Nc3 a6 6. Bg5 e6 7. f4 Be7 8. Qf3 Qc7
9. O-O-O Nbd7 10. g4 h6 11. Bxf6 Bxf6 12. h4 Nb6 13. g5 Bxd4 14. Rxd4 Qc5 15. Qf2
Bd7 16. Qd2 O-O-O 17. Rxd6 Bc6 18. Rxd8+ Rxd8 19. Qe2 Kb8 20. Kb1 Qd6 21. Qe3 Na4
22. Nxa4 Qd1+ 23. Qc1 Bxa4 24. Bd3 Qf3 25. Rf1 Qh3 26. Qe1 Bc6 27. Rg1 Qf3 28. Qa5
Kc8 29. Qe5 Qf2 30. Rh1 Qf3 31. Rc1 hxg5 32. hxg5 Rd7 33. b3 g6 34. Rf1 Qh3 35. Re1
Qh4 36. Rc1 Qh3 37. Kb2 Qh2 38. Ka3 b5 39. Rd1 Kb7 40. Kb2 Qg2 41. Kc1 Qf3 42. Rd2
Qe3 43. Kd1 Qg1+ 44. Ke2 Qg4+ 45. Ke1 Qg1+ 46. Ke2  1/2-1/2

[Event "30th 4NCL Congress"]
[Site "Daventry"]
[Date "2023.06.18"]
[Round "5"]
[Board "21"]
[White "Hertog, Alexander"]
[Black "Alldritt, Nigel RE"]
[Result "1/2-1/2"]
[WhiteElo "1800"]
[BlackElo "2069"]
[PlyCount "120"]
[EventDate "2023.06.16"]
[EventRounds "5"]
[EventCountry "ENG"]

1. d4 Nf6 2. c4 g6 3. Nf3 Bg7 4. g3 O-O 5. Bg2 c6 6. O-O d5 7. Nbd2 Ne4 8. e3 Nf6
9. b3 a5 10. Bb2 b5 11. cxb5 cxb5 12. a4 Ba6 13. Re1 Nc6 14. Ne5 Nb4 15. Ba3 Qb6
16. Bxb4 axb4 17. a5 Qd6 18. Qe2 Rfc8 19. Nd3 e6 20. Nc5 Nd7 21. Nxa6 Qxa6 22. Bf1
Rab8 23. Nf3 f5 24. Qb2 Nc5 25. Nd2 Nb7 26. Ra4 Nd6 27. Ra2 Nf7 28. Nf3 Nd6 29. Nd2
g5 30. h3 Rc7 31. Rc1 Rbc8 32. Rxc7 Rxc7 33. Bd3 Rc3 34. Bc2 f4 35. Nb1 fxe3 36.
Nxc3 exf2+ 37. Kxf2 Bxd4+ 38. Kg2 Bxc3 39. Qb1 Qa7 40. Bxh7+ Qxh7 41. Qxh7+ Kxh7
42. a6 Nc8 43. a7 Nb6 44. a8=Q Nxa8 45. Rxa8 Kg6 46. Kf3 Kf5 47. Rf8+ Bf6 48. Rb8
Bc3 49. Rxb5 Kg6 50. Rb8 Bd2 51. Ke2 Bc3 52. Rc8 Be5 53. Kf3 Bb2 54. Kg4 Bf6 55.
Rb8 Bc3 56. Rg8+ Bg7 57. Rxg7+ Kxg7 58. Kxg5 d4 59. Kf4 e5+ 60. Ke4 Kg6  1/2-1/2

[Event "30th 4NCL Congress"]
[Site "Daventry"]
[Date "2023.06.18"]
[Round "5"]
[Board "22"]
[White "Gordon, Sean"]
[Black "Arora, Tashika"]
[Result "1/2-1/2"]
[WhiteElo "1998"]
[BlackElo "2016"]
[PlyCount "110"]
[EventDate "2023.06.16"]
[EventRounds "5"]
[EventCountry "ENG"]

1. Nf3 Nf6 2. g3 e6 3. Bg2 d5 4. O-O Be7 5. c4 O-O 6. b3 c5 7. cxd5 exd5 8. d4 Ne4
9. Bb2 Nd7 10. Nc3 Ndf6 11. dxc5 Bxc5 12. Nd4 Re8 13. e3 Nxc3 14. Bxc3 Bg4 15. Qd3
Qd7 16. Rac1 Rac8 17. Bb2 a6 18. a3 Bb6 19. Rfe1 Ba5 20. b4 Bb6 21. Rxc8 Rxc8 22.
Rc1 Rxc1+ 23. Bxc1 Bxd4 24. Qxd4 Qc6 25. Qc5 Qxc5 26. bxc5 Be6 27. Bb2 Ne4 28. Bd4
Nd2 29. f4 f5 30. Kf2 Nc4 31. a4 g6 32. Ke2 Kf8 33. Kd3 Na5 34. Bf3 Ke7 35. Bd1 Bd7
36. Be5 Nc6 37. Bd6+ Ke6 38. Bc7 Be8 39. Kc3 Bd7 40. h3 Be8 41. g4 Bf7 42. Bb6 Be8
43. Bf3 Bf7 44. Bc7 Be8 45. Bd1 Bf7 46. Bd6 Be8 47. Bb3 Bf7 48. Bf8 Be8 49. Bh6 Na5
50. Bf8 Nxb3 51. Kxb3 Bc6 52. Bg7 Kf7 53. Be5 Ke6 54. Kb4 Kd7 55. Ka5 Kc8  1/2-1/2

[Event "30th 4NCL Congress"]
[Site "Daventry"]
[Date "2023.06.18"]
[Round "5"]
[Board "24"]
[White "Pereslavtsev, Alexandr"]
[Black "Rida, Ruqayyah"]
[Result "1/2-1/2"]
[WhiteElo "1856"]
[BlackElo "2078"]
[PlyCount "121"]
[EventDate "2023.06.16"]
[EventRounds "5"]
[EventCountry "ENG"]

1. d4 Nf6 2. Nf3 g6 3. c4 Bg7 4. Nc3 O-O 5. e4 d6 6. Be2 e5 7. O-O Nc6 8. dxe5 Nxe5
9. Nd4 Re8 10. f3 c6 11. Be3 a6 12. Qd2 d5 13. cxd5 cxd5 14. Bg5 dxe4 15. fxe4 h6
16. Bh4 g5 17. Bg3 Nc6 18. Nb3 Nxe4 19. Nxe4 Rxe4 20. Qc2 Re7 21. Rad1 Qe8 22. Bc4
Be6 23. Bxe6 Rxe6 24. Rfe1 Rc8 25. Rxe6 Qxe6 26. Rc1 Rd8 27. Nc5 Bd4+ 28. Bf2 Qf6
29. Nxb7 Rb8 30. Qxc6 Bxf2+ 31. Kf1 Qxc6 32. Rxc6 Rxb7 33. Kxf2 Rxb2+ 34. Kg3 Rxa2
35. Rxh6 Kg7 36. Rc6 f6 37. Kf3 Kg6 38. h3 a5 39. g4 a4 40. Ra6 a3 41. Ra7 Ra1 42.
Kg2 Kh6 43. Kh2 Kg6 44. Kg2 a2 45. Kh2 Kh6 46. Kg2 Kg6 47. Kh2 Rd1 48. Rxa2 Rd6 49.
Ra7 f5 50. gxf5+ Kxf5 51. Ra5+ Kf4 52. Ra4+ Kf5 53. Ra5+ Kg6 54. Kg3 Rd3+ 55. Kg4
Rd4+ 56. Kg3 Kh5 57. Ra8 Rd5 58. Ra6 Rd3+ 59. Kg2 Rb3 60. Rc6 Ra3 61. Rb6  1/2-1/2

[Event "30th 4NCL Congress"]
[Site "Daventry"]
[Date "2023.06.18"]
[Round "5"]
[Board "25"]
[White "Fellowes, Billy"]
[Black "Pitts, Daniel"]
[Result "1-0"]
[WhiteElo "1986"]
[BlackElo "1731"]
[PlyCount "101"]
[EventDate "2023.06.16"]
[EventRounds "5"]
[EventCountry "ENG"]

1. d4 d5 2. c4 e6 3. Nc3 Nf6 4. Bg5 Be7 5. e3 c6 6. cxd5 cxd5 7. Nf3 Nc6 8. Be2 h6
9. Bh4 O-O 10. O-O Bd7 11. Rc1 Rc8 12. Bd3 Ne8 13. Bxe7 Qxe7 14. a3 f5 15. Qe2 Nf6
16. Nh4 Ne4 17. Ng6 Qg5 18. Nxf8 Rxf8 19. f3 Nf6 20. Bb5 f4 21. Bxc6 bxc6 22. e4
Nh5 23. Qd2 e5 24. dxe5 Qxe5 25. exd5 Qe3+ 26. Qxe3 fxe3 27. dxc6 Bxc6 28. Rfe1 Re8
29. Ne4 Bxe4 30. fxe4 Rxe4 31. Rc3 e2 32. g3 Nf6 33. Rc2 Re3 34. Rexe2 Rb3 35. Re7
Nd5 36. Rxa7 Ne3 37. Rc3 Rxc3 38. bxc3 Nd5 39. c4 Nc3 40. c5 Nb5 41. Rb7 Nd4 42.
a4 Nc6 43. Rb6 Ne7 44. a5 Kf8 45. a6 Ke8 46. a7 Kd7 47. a8=Q g5 48. Rd6+ Kc7 49.
Qd8+ Kb7 50. Rb6+ Ka7 51. Qb8#  1-0

[Event "30th 4NCL Congress"]
[Site "Daventry"]
[Date "2023.06.18"]
[Round "5"]
[Board "26"]
[White "Subramanian, Anusha"]
[Black "Pang, Ethan"]
[Result "1-0"]
[WhiteElo "2034"]
[BlackElo "1769"]
[PlyCount "73"]
[EventDate "2023.06.16"]
[EventRounds "5"]
[EventCountry "ENG"]

1. e4 c5 2. c3 d5 3. exd5 Qxd5 4. Nf3 Nc6 5. Na3 Bf5 6. Bc4 Qd7 7. d4 e6 8. Be3 cxd4
9. Bxd4 Nf6 10. Ne5 Nxe5 11. Bxe5 Qxd1+ 12. Rxd1 Bxa3 13. Bb5+ Ke7 14. bxa3 Rhd8
15. Bd4 b6 16. O-O Kf8 17. a4 Ne4 18. Rfe1 Nc5 19. a5 Rdc8 20. a6 Bc2 21. Rd2 Be4
22. c4 Bc6 23. Bxc5+ bxc5 24. Re5 Be8 25. f4 Rc7 26. Kf2 Ke7 27. a4 f6 28. Re3 Bd7
29. Rde2 Re8 30. Rd2 Rb8 31. g4 Rb6 32. Red3 Bc8 33. a5 Rb8 34. Rd8 h6 35. Re8+ Kf7
36. Rdd8 Re7 37. Rf8+  1-0

[Event "30th 4NCL Congress"]
[Site "Daventry"]
[Date "2023.06.18"]
[Round "5"]
[Board "27"]
[White "Kumar, Sanjit S"]
[Black "Obi, Okwose Marc"]
[Result "0-1"]
[WhiteElo "1926"]
[BlackElo "1964"]
[PlyCount "108"]
[EventDate "2023.06.16"]
[EventRounds "5"]
[EventCountry "ENG"]

1. d4 d6 2. e4 Nf6 3. Nc3 c6 4. Be2 Qa5 5. Qd3 e5 6. Nf3 Be7 7. O-O O-O 8. Nd1 Bg4
9. Ne3 Bxf3 10. Bxf3 g6 11. b3 Nbd7 12. Bb2 Rad8 13. a4 Rfe8 14. Nc4 Qc7 15. Rfe1
Bf8 16. Rad1 b5 17. axb5 cxb5 18. Ne3 a6 19. g3 Rc8 20. c3 Bh6 21. Bg2 Qb6 22. Rf1
Rc7 23. Kh1 exd4 24. cxd4 Bxe3 25. Qxe3 Rc2 26. Ba1 Rec8 27. f4 Ra2 28. Rd2 Rcc2
29. Rxc2 Rxc2 30. e5 Ng4 31. Qf3 h5 32. h3 Nh6 33. Qe4 Ra2 34. Re1 Qa5 35. e6 Rxa1
36. Rxa1 Qxa1+ 37. Kh2 Nf6 38. e7 Kg7 39. e8=N+ Nxe8 40. Qxe8 Qxd4 41. Qe2 Nf5 42.
Bf3 h4 43. gxh4 Qxf4+ 44. Kg1 Qe3+ 45. Qxe3 Nxe3 46. Kf2 Nc2 47. h5 a5 48. Bd1 Nb4
49. hxg6 fxg6 50. Be2 a4 51. bxa4 bxa4 52. Ke3 a3 53. Bc4 a2 54. Bxa2 Nxa2  0-1

[Event "30th 4NCL Congress"]
[Site "Daventry"]
[Date "2023.06.18"]
[Round "5"]
[Board "28"]
[White "Sheikh, Anum"]
[Black "Gazis, George"]
[Result "0-1"]
[WhiteElo "1954"]
[BlackElo "1938"]
[PlyCount "50"]
[EventDate "2023.06.16"]
[EventRounds "5"]
[EventCountry "ENG"]

1. e4 c5 2. Nf3 Nc6 3. d4 cxd4 4. Nxd4 g6 5. Nc3 Bg7 6. Nb3 Nf6 7. Be2 O-O 8. O-O
d6 9. Bg5 Be6 10. Kh1 Rc8 11. f4 a6 12. a4 Na5 13. e5 Nxb3 14. cxb3 dxe5 15. Qxd8
Rfxd8 16. fxe5 Nd5 17. Nxd5 Rxd5 18. Bf3 Rd7 19. Rad1 Rdc7 20. Bd5 Bxd5 21. Rxd5
e6 22. Ra5 Bf8 23. Bd2 Rc2 24. Bc3 R2xc3 25. bxc3 Rxc3  0-1

[Event "30th 4NCL Congress"]
[Site "Daventry"]
[Date "2023.06.18"]
[Round "5"]
[Board "29"]
[White "Moyse, Nigel J"]
[Black "McKenna, Joshua"]
[Result "1-0"]
[WhiteElo "1991"]
[BlackElo "1642"]
[PlyCount "85"]
[EventDate "2023.06.16"]
[EventRounds "5"]
[EventCountry "ENG"]

1. e4 c6 2. d4 d5 3. exd5 cxd5 4. Bd3 Nf6 5. c3 Bg4 6. f3 Bd7 7. Bf4 Nc6 8. Ne2 e6
9. O-O Be7 10. Nd2 O-O 11. Ng3 Qb6 12. Nb3 a5 13. a4 e5 14. Be3 exd4 15. cxd4 Nb4
16. Nf5 Bd8 17. Bb1 Na6 18. Rf2 Re8 19. Bf4 Rc8 20. Nd6 Bc7 21. Nxc8 Bxc8 22. Bxc7
Nxc7 23. Nc5 Qb4 24. Bd3 g6 25. Bf1 b6 26. Nb3 Bd7 27. Qc2 Bxa4 28. Qxc7 Bxb3 29.
Qf4 Kg7 30. g4 h6 31. h4 Re7 32. Re2 Rd7 33. Re5 Qd6 34. Rc1 Rd8 35. Bb5 Qb4 36.
Rc7 Qxb5 37. g5 hxg5 38. hxg5 Nd7 39. Re7 Rf8 40. Rcxd7 Kg8 41. Rxf7 Qxd7 42. Rxf8+
Kg7 43. Qf6+  1-0

[Event "30th 4NCL Congress"]
[Site "Daventry"]
[Date "2023.06.18"]
[Round "5"]
[Board "30"]
[White "Wastney, Dylan"]
[Black "Patel, Zain"]
[Result "0-1"]
[WhiteElo "1881"]
[BlackElo "2040"]
[PlyCount "88"]
[EventDate "2023.06.16"]
[EventRounds "5"]
[EventCountry "ENG"]

1. e4 e5 2. Nf3 Nc6 3. Bb5 a6 4. Ba4 Nf6 5. d3 d6 6. c3 Bd7 7. O-O g6 8. Re1 b5 9.
Bb3 Bg7 10. Nbd2 O-O 11. Nf1 Na5 12. Bc2 c5 13. h3 Qc7 14. Bg5 h6 15. Be3 Rad8 16.
Qd2 Kh7 17. Rad1 d5 18. exd5 Nxd5 19. Qe2 Nxe3 20. Nxe3 f5 21. c4 Be6 22. b3 Nc6
23. Bb1 Nd4 24. Nxd4 cxd4 25. Nf1 bxc4 26. bxc4 Rfe8 27. Nd2 Qd6 28. Nb3 Bf6 29.
Bc2 Bd7 30. Qd2 Bc6 31. f3 Bg5 32. Qa5 Be3+ 33. Kh1 Qf6 34. Nc5 Qh4 35. Qc7+ Re7
36. Qxc6 Qg3 37. f4 Bxf4 38. Kg1 e4 39. Nxe4 Qh2+ 40. Kf1 fxe4 41. Rxe4 Rf7 42. Qe6
Rdf8 43. Rb1 Be3+ 44. Ke2 Rf2+  0-1

[Event "30th 4NCL Congress"]
[Site "Daventry"]
[Date "2023.06.16"]
[Round "1"]
[Board "1"]
[White "Reghu, Jyothika Ullukaranparambil"]
[Black "Brown, Tom"]
[Result "0-1"]
[WhiteElo "1820"]
[BlackElo "1989"]
[PlyCount "105"]
[EventDate "2023.06.16"]
[EventRounds "5"]
[EventCountry "ENG"]

1. e4 c6 2. d4 d5 3. f3 e6 4. e5 c5 5. c3 Nc6 6. f4 Bd7 7. Nf3 Qb6 8. Be2 Nh6 9.
dxc5 Bxc5 10. Qb3 Bf2+ 11. Kf1 O-O 12. Qxb6 Bxb6 13. Bd3 Ng4 14. Bc2 f6 15. exf6
Rxf6 16. Ke2 Re8 17. h3 Nh6 18. g4 Rff8 19. Rf1 e5 20. f5 e4 21. Ng5 Ne5 22. Na3
Kh8 23. Bf4 Nhf7 24. Nxf7+ Rxf7 25. Rad1 Bc6 26. b4 a6 27. Bb3 Nd3 28. Be3 Bc7 29.
Bc2 Ne5 30. Rb1 Bb5+ 31. Nxb5 axb5 32. Rbd1 Rd8 33. Bb3 Nc4 34. Bd4 Kg8 35. Bxc4
bxc4 36. g5 Ra8 37. Rd2 b5 38. f6 g6 39. Bc5 Be5 40. Rc2 Ra3 41. Rd1 Rd7 42. Bd4
Bxd4 43. Rxd4 Kf7 44. Ke3 Ke6 45. Rd1 Rda7 46. Rf1 Rd7 47. Kd4 Rda7 48. h4 Rf7 49.
Kc5 Rb7 50. Rh1 Ke5 51. Rf1 Rf7 52. Kxb5 e3 53. Kc5  0-1

[Event "30th 4NCL Congress"]
[Site "Daventry"]
[Date "2023.06.16"]
[Round "1"]
[Board "2"]
[White "Foster, James C"]
[Black "Pyun, Lindsay"]
[Result "1-0"]
[WhiteElo "1986"]
[BlackElo "1808"]
[PlyCount "85"]
[EventDate "2023.06.16"]
[EventRounds "5"]
[EventCountry "ENG"]

1. e4 e5 2. Nc3 Nf6 3. g3 Bc5 4. Bg2 a6 5. Nge2 Nc6 6. O-O d6 7. h3 Bd7 8. d3 O-O
9. Bg5 h6 10. Bxf6 Qxf6 11. Kh1 Qd8 12. f4 f5 13. fxe5 dxe5 14. exf5 Rxf5 15. Rxf5
Bxf5 16. g4 Be6 17. Ne4 Be7 18. N2g3 Qd7 19. a3 Rf8 20. Qd2 Nd4 21. Rf1 Rxf1+ 22.
Nxf1 h5 23. gxh5 Bxh3 24. Ne3 Qe6 25. c3 Nb3 26. Qe2 Bxg2+ 27. Kxg2 Nc5 28. Nxc5
Bxc5 29. Ng4 Qd5+ 30. Qf3 Qb3 31. Kh3 b6 32. Nxe5 Qe6+ 33. Ng4 a5 34. Qe4 Qd7 35.
Qg6 Kf8 36. Kg3 Bd6+ 37. Kf3 Qb5 38. h6 Qd5+ 39. Qe4 Qf7+ 40. Ke3 gxh6 41. Nxh6 Qg7
42. Qa8+ Ke7 43. Nf5+  1-0

[Event "30th 4NCL Congress"]
[Site "Daventry"]
[Date "2023.06.16"]
[Round "1"]
[Board "3"]
[White "O'Gorman, Brendan"]
[Black "Brocklehurst, Andrew"]
[Result "1/2-1/2"]
[WhiteElo "1803"]
[BlackElo "1984"]
[PlyCount "69"]
[EventDate "2023.06.16"]
[EventRounds "5"]
[EventCountry "ENG"]

1. d4 Nf6 2. g3 g6 3. Bg2 Bg7 4. e4 d6 5. Ne2 O-O 6. O-O e5 7. h3 Nc6 8. Be3 exd4
9. Nxd4 Nxd4 10. Bxd4 c5 11. Bc3 Qe7 12. Re1 Be6 13. e5 dxe5 14. Bxe5 Rfd8 15. Qe2
Rd7 16. Nc3 Rad8 17. Rad1 a6 18. a4 h5 19. Rxd7 Rxd7 20. Rd1 c4 21. Rxd7 Qxd7 22.
Qf3 Qd8 23. Qxb7 Qd2 24. Bxf6 Bxf6 25. Ne4 Qe1+ 26. Kh2 Bd4 27. c3 Bxf2 28. Nxf2
Qxf2 29. a5 h4 30. Qb8+ Kh7 31. Qf4 hxg3+ 32. Qxg3 Qxb2 33. Qh4+ Kg7 34. Qd4+ Kh7
35. Qh4+  1/2-1/2

[Event "30th 4NCL Congress"]
[Site "Daventry"]
[Date "2023.06.16"]
[Round "1"]
[Board "4"]
[White "Tart, Peter K"]
[Black "Lawrence, Spencer"]
[Result "0-1"]
[WhiteElo "1968"]
[BlackElo "1800"]
[PlyCount "64"]
[EventDate "2023.06.16"]
[EventRounds "5"]
[EventCountry "ENG"]

1. e4 c5 2. Nc3 Nc6 3. Bb5 Nd4 4. Bc4 e6 5. Nge2 a6 6. a4 Ne7 7. O-O d5 8. Ba2 dxe4
9. Nxe4 Nd5 10. c3 Nxe2+ 11. Qxe2 Nf4 12. Qe3 Nd3 13. Bc4 Ne5 14. Be2 c4 15. f4 Nd3
16. Bxd3 cxd3 17. Nf2 Qc7 18. Nxd3 b6 19. Ne5 Bb7 20. f5 Bd6 21. d4 O-O-O 22. fxe6
Bxe5 23. Qxe5 Qc6 24. Rf2 fxe6 25. Bf4 Rhf8 26. Raf1 g6 27. Re2 Rf5 28. Qg7 Rdf8
29. d5 Qc5+ 30. Kh1 Rxf4 31. Rxf4 Rxf4 32. Qh8+ Rf8  0-1

[Event "30th 4NCL Congress"]
[Site "Daventry"]
[Date "2023.06.16"]
[Round "1"]
[Board "5"]
[White "McKay, James"]
[Black "Spanton, Tim R"]
[Result "0-1"]
[WhiteElo "1796"]
[BlackElo "1959"]
[PlyCount "41"]
[EventDate "2023.06.16"]
[EventRounds "5"]
[EventCountry "ENG"]

1. d4 d5 2. c4 e6 3. Nf3 Nf6 4. g3 Bb4+ 5. Nbd2 dxc4 6. Bg2 Nc6 7. O-O O-O 8. Nxc4
Re8 9. Qd3 Bf8 10. Rd1 Nb4 11. Qb1 c5 12. Bg5 cxd4 13. Rxd4 Qe7 14. Nfe5 h6 15. Bd2
Qc7 16. a3 Nbd5 17. a4 Qc5 18. e4 Qxd4 19. exd5 Nxd5 20. b4 f6 21. Be3  0-1